[Event "Amantea op-B 6th"]
[Site "Amantea"]
[Date "2008.09.01"]
[Round "2"]
[White "Alo, Lucio"]
[Black "Ielapi, Gianbattista"]
[Result "1/2-1/2"]
[WhiteElo "1454"]
[BlackElo "1686"]
[PlyCount "59"]
[EventDate "2008.08.31"]
[EventType "swiss"]
[EventRounds "9"]
[EventCountry "ITA"]
[SourceTitle "CBM 126 Extra"]
[Source "ChessBase"]
[SourceDate "2008.11.05"]
[SourceVersion "1"]
[SourceVersionDate "2008.11.05"]
[SourceQuality "1"]

1. Nf3 d5 2. d4 Nf6 3. Bf4 e6 4. e3 c5 5. Be2 Nc6 6. dxc5 Bxc5 7. 0-0 0-0 8. Bg5 h6 9. Bh4 Be7 10. Nc3 Nh7 11. Bxe7 Qxe7 12. Bb5 Qb4 13. Rb1 a6 14. a3 Qd6 15. Ba4 Nf6 16. e4 Rd8 17. Bxc6 Qxc6 18. e5 Ne8 19. Nd4 Qc7 20. f4 f6 21. Qg4 fxe5 22. Nxe6 Qb6+ 23. Rf2 Bxe6 24. f5 Nf6 25. Qf3 Rf8 26. fxe6 Ne4 27. Nxd5 Qa7 28. Ne7+ Kh8 29. Ng6+ Kg8 30. Ne7+ 1/2-1/2

[Event "Cutro op-B 14th"]
[Site "Cutro"]
[Date "2008.04.30"]
[Round "6"]
[White "Alo, Lucio"]
[Black "Sansosti, Simona"]
[Result "1-0"]
[WhiteElo "1439"]
[BlackElo "1452"]
[PlyCount "69"]
[EventDate "2008.04.25"]
[EventType "swiss"]
[EventRounds "7"]
[EventCountry "ITA"]
[SourceTitle "EXT 2009"]
[Source "ChessBase"]
[SourceDate "2008.11.26"]
[SourceVersion "1"]
[SourceVersionDate "2008.11.26"]
[SourceQuality "1"]

1. e4 e5 2. c3 Nc6 3. Bc4 Nf6 4. d3 Be7 5. Nf3 0-0 6. 0-0 d6 7. h3 b6 8. Nbd2 Bb7 9. a3 Rb8 10. b4 a6 11. Nh2 Qd7 12. Ndf3 h6 13. Qe2 d5 14. exd5 Nxd5 15. Bd2 Bf6 16. Ng4 Rfe8 17. Bxh6 Nxc3 18. Qc2 e4 19. Nxf6+ gxf6 20. Qxc3 Ne5 21. Nxe5 Rxe5 22. d4 Rh5 23. Qg3+ Rg5 24. Bxg5 fxg5 25. Qxg5+ Kf8 26. Qh6+ Ke7 27. Qh7 Rf8 28. d5 Kd8 29. Qxe4 c6 30. dxc6 Qxc6 31. Rfd1+ Kc7 32. Bd5 Qe8 33. Qf4+ Kc8 34. Rac1+ Kd7 35. Qc7# 1-0

[Event "Cutro op-B 14th"]
[Site "Cutro"]
[Date "2008.04.29"]
[Round "5"]
[White "Soluri, Francesco"]
[Black "Alo, Lucio"]
[Result "1-0"]
[WhiteElo "1452"]
[BlackElo "1439"]
[PlyCount "77"]
[EventDate "2008.04.25"]
[EventType "swiss"]
[EventRounds "7"]
[EventCountry "ITA"]
[SourceTitle "EXT 2009"]
[Source "ChessBase"]
[SourceDate "2008.11.26"]
[SourceVersion "1"]
[SourceVersionDate "2008.11.26"]
[SourceQuality "1"]

1. d4 d5 2. c3 Bf5 3. Nf3 e6 4. Bf4 Nf6 5. Nbd2 c5 6. e3 a6 7. h3 Nc6 8. Be2 Be7 9. 0-0 0-0 10. Ne5 Qb6 11. b3 cxd4 12. exd4 Nxe5 13. Bxe5 Ne4 14. Nxe4 Bxe4 15. Bf3 Bg6 16. Re1 Ba3 17. Qd2 Rac8 18. Be2 Qa5 19. b4 Qb6 20. Bd3 Bxd3 21. Qxd3 a5 22. b5 Bb2 23. Qg3 f6 24. Bd6 Rxc3 25. Qf4 g5 26. Qh2 Bxa1 27. Bxf8 Rc8 28. Bc5 Qxb5 29. Rxa1 b6 30. Be7 Qb2 31. Qd6 Qxa1+ 32. Kh2 Qe1 33. Bxf6 Qe4 34. Be5 Qf5 35. Qd7 Kf8 36. Qxc8+ Kf7 37. Qc7+ Kg6 38. Qg7+ Kh5 39. g4+ 1-0

[Event "Cutro op-B 14th"]
[Site "Cutro"]
[Date "2008.04.26"]
[Round "2"]
[White "Alo, Lucio"]
[Black "Virelli, Salvatore"]
[Result "1-0"]
[WhiteElo "1439"]
[BlackElo "1509"]
[PlyCount "87"]
[EventDate "2008.04.25"]
[EventType "swiss"]
[EventRounds "7"]
[EventCountry "ITA"]
[SourceTitle "EXT 2009"]
[Source "ChessBase"]
[SourceDate "2008.11.26"]
[SourceVersion "1"]
[SourceVersionDate "2008.11.26"]
[SourceQuality "1"]

1. Nf3 d5 2. d4 Nc6 3. Bf4 Bg4 4. Nbd2 f6 5. h3 Bxf3 6. Nxf3 e6 7. a3 Nge7 8. e3 a6 9. Bd3 Qd7 10. b4 b5 11. 0-0 g6 12. Nh2 Bg7 13. Qf3 e5 14. dxe5 Nxe5 15. Bxe5 fxe5 16. e4 Rf8 17. Qe2 c6 18. Rad1 d4 19. Nf3 h6 20. Rc1 a5 21. c4 dxc3 22. Rxc3 axb4 23. axb4 Ra4 24. Rd1 Qa7 25. Rb3 Kf7 26. Bc2 Kg8 27. Rbb1 Ra3 28. Qd2 Qc7 29. Qe2 Kh8 30. Rd2 g5 31. Rbd1 Qb8 32. Rd7 Ra7 33. Qe3 Rxd7 34. Rxd7 Qe8 35. Rc7 Qd8 36. Qa7 Bf6 37. Nxe5 Kg7 38. Nxc6 Qa8 39. Rxe7+ Bxe7 40. Qxe7+ Rf7 41. Qe5+ Kg6 42. Ne7+ Kh7 43. Qe6 Qa1+ 44. Kh2 1-0

[Event "Praia op 1st"]
[Site "Praia a Mare"]
[Date "2007.04.06"]
[Round "3"]
[White "Alo, Lucio"]
[Black "Mercuri, Delia"]
[Result "0-1"]
[WhiteElo "1553"]
[BlackElo "1415"]
[PlyCount "49"]
[EventDate "2007.04.05"]
[EventType "swiss"]
[EventRounds "5"]
[EventCountry "ITA"]
[SourceTitle "EXT 2023"]
[Source "ChessBase"]
[SourceDate "2022.10.05"]
[SourceVersion "1"]
[SourceVersionDate "2022.10.05"]
[SourceQuality "1"]

1. Nf3 Nc6 2. d4 d5 3. Bf4 Bg4 4. e3 Bxf3 5. Qxf3 a6 6. Nc3 Nf6 7. Bg5 e6 8. a3 Be7 9. b4 b5 10. Bd3 0-0 11. 0-0 h6 12. Bh4 Nd7 13. Bxe7 Qxe7 14. Rfe1 f5 15. Ne2 Qf7 16. Nf4 Nf6 17. Qg3 g5 18. h4 g4 19. f3 Nh5 20. Nxh5 Qxh5 21. fxg4 Qxg4 22. Qxc7 Rac8 23. Qh2 f4 24. Be2 Qf5 25. Bd1 0-1

[Event "Praia op 1st"]
[Site "Praia a Mare"]
[Date "2007.04.06"]
[Round "2"]
[White "Gad, Alessandro"]
[Black "Alo, Lucio"]
[Result "1-0"]
[WhiteElo "1440"]
[BlackElo "1553"]
[PlyCount "99"]
[EventDate "2007.04.05"]
[EventType "swiss"]
[EventRounds "5"]
[EventCountry "ITA"]
[SourceTitle "EXT 2023"]
[Source "ChessBase"]
[SourceDate "2022.10.05"]
[SourceVersion "1"]
[SourceVersionDate "2022.10.05"]
[SourceQuality "1"]

1. e4 e5 2. Nf3 Nc6 3. Bb5 Nge7 4. 0-0 d6 5. c3 Bd7 6. d4 exd4 7. cxd4 a6 8. Bc4 Na5 9. Bd3 Nac6 10. Qb3 b5 11. Ng5 Be6 12. d5 Nd4 13. Qc3 c6 14. dxe6 Nxe6 15. Nxe6 fxe6 16. f4 Qd7 17. f5 e5 18. Be3 Qc7 19. Nd2 Nc8 20. a4 b4 21. Qxb4 d5 22. Qb3 Rb8 23. Qc2 d4 24. Bg5 h6 25. Bh4 a5 26. f6 Nd6 27. Rac1 g5 28. Bg3 Nf7 29. Bb5 Rc8 30. Qxc6+ Qxc6 31. Rxc6 Rxc6 32. Bxc6+ Kd8 33. Nc4 Bb4 34. Nxe5 Nxe5 35. Bxe5 d3 36. Bc3 Kc7 37. Bxb4 axb4 38. Bd5 Kd6 39. Kf2 Ke5 40. Ke3 Rf8 41. Kxd3 Kd6 42. f7 Kc5 43. b3 g4 44. g3 Kb6 45. Kc4 Ka5 46. Kc5 Rc8+ 47. Kd6 h5 48. f8Q h4 49. Qxc8 h3 50. Ke7 1-0

[Event "Praia op 1st"]
[Site "Praia a Mare"]
[Date "2007.04.05"]
[Round "1"]
[White "Napoli, Nicolo"]
[Black "Alo, Lucio"]
[Result "1-0"]
[WhiteElo "2266"]
[BlackElo "1553"]
[PlyCount "41"]
[EventDate "2007.04.05"]
[EventType "swiss"]
[EventRounds "5"]
[EventCountry "ITA"]
[SourceTitle "EXT 2023"]
[Source "ChessBase"]
[SourceDate "2022.10.05"]
[SourceVersion "1"]
[SourceVersionDate "2022.10.05"]
[SourceQuality "1"]

1. e4 e5 2. Nf3 Nc6 3. d4 exd4 4. Nxd4 Nxd4 5. Qxd4 b6 6. Bc4 Bb7 7. 0-0 c5 8. Qd3 Be7 9. Nc3 Qc7 10. f4 f6 11. Nb5 Qc8 12. e5 Bc6 13. Nd6+ Bxd6 14. exd6 Kf8 15. Re1 g6 16. f5 Kg7 17. Qh3 g5 18. Qh5 Qf8 19. Bxg5 b5 20. Re7+ Nxe7 21. Bh6# 1-0

[Event "CS Province-ch"]
[Site "Amantea"]
[Date "2007.01.07"]
[Round "4"]
[White "Alo, Lucio"]
[Black "Caputo, Francesco"]
[Result "0-1"]
[WhiteElo "1553"]
[BlackElo "1602"]
[PlyCount "94"]
[EventDate "2007.01.05"]
[EventType "swiss"]
[EventRounds "5"]
[EventCountry "ITA"]
[SourceTitle "EXT 2010"]
[Source "ChessBase"]
[SourceDate "2010.11.25"]
[SourceVersion "1"]
[SourceVersionDate "2010.11.25"]
[SourceQuality "1"]

1. Nf3 d5 2. d4 Nf6 3. h3 b6 4. Bf4 Nbd7 5. e3 e6 6. Bb5 Bb7 7. Ne5 Be7 8. Bg5 0-0 9. Bxf6 Nxf6 10. Nc3 Rc8 11. Bc6 Bxc6 12. Nxc6 Qd7 13. Nxa7 Ra8 14. Nab5 Bb4 15. a4 c6 16. Na3 Ne4 17. Qd3 Rxa4 18. 0-0 Nxc3 19. b3 Rxa3 20. Rxa3 Bxa3 21. Qxc3 Ra8 22. b4 Bxb4 23. Qxb4 Qc7 24. Rb1 b5 25. Qc5 h6 26. g3 Qd7 27. c3 Ra4 28. Rb4 Ra2 29. Kg2 Qd8 30. Rb1 Qf6 31. Rf1 Ra6 32. Qd6 Kh7 33. Qb4 Ra4 34. Qb1+ g6 35. Qe1 Rc4 36. Qd2 e5 37. f4 e4 38. Ra1 c5 39. Ra5 cxd4 40. exd4 Qc6 41. h4 Rxc3 42. Ra2 b4 43. Kh1 Qc4 44. Rb2 Rxg3 45. Qf2 Rh3+ 46. Kg2 Rf3 47. Qd2 Qf1+ 0-1

[Event "Crotone Province-ch 07"]
[Site "Cutro"]
[Date "2006.12.09"]
[Round "4"]
[White "Piccoli, Vincenzo"]
[Black "Alo, Lucio"]
[Result "1-0"]
[WhiteElo "1700"]
[BlackElo "1559"]
[PlyCount "51"]
[EventDate "2006.12.07"]
[EventType "swiss"]
[EventRounds "7"]
[EventCountry "ITA"]
[SourceTitle "EXT 2024"]
[Source "ChessBase"]
[SourceDate "2023.10.10"]
[SourceVersion "1"]
[SourceVersionDate "2023.10.10"]
[SourceQuality "1"]

1. d4 e6 2. c4 Be7 3. e4 d5 4. Nc3 Bb4 5. Bd3 dxe4 6. Bxe4 Nf6 7. Qa4+ c6 8. Qxb4 Qxd4 9. Be3 Qe5 10. Nf3 Qc7 11. Bd3 Na6 12. Qb3 0-0 13. 0-0 Bd7 14. Rfd1 c5 15. Ne4 Nxe4 16. Bxe4 Rab8 17. Rd2 Bc6 18. Qc2 f5 19. Bxc6 Qxc6 20. Rad1 f4 21. Rd6 Qc8 22. Ng5 g6 23. Rd7 fxe3 24. Qc3 exf2+ 25. Kf1 Qxd7 26. Rxd7 1-0

[Event "Calabria Province-ch"]
[Site "Catanzaro"]
[Date "2006.06.03"]
[Round "4"]
[White "Alo, Lucio"]
[Black "Soluri, Francesco"]
[Result "1-0"]
[WhiteElo "1628"]
[BlackElo "1473"]
[PlyCount "89"]
[EventDate "2006.06.02"]
[EventType "swiss"]
[EventRounds "6"]
[EventCountry "ITA"]
[SourceTitle "EXT 2024"]
[Source "ChessBase"]
[SourceDate "2023.10.10"]
[SourceVersion "1"]
[SourceVersionDate "2023.10.10"]
[SourceQuality "1"]

1. Nf3 d6 2. e4 g6 3. d4 Bg7 4. Bd2 Bg4 5. Bc3 Nd7 6. h3 Bxf3 7. Qxf3 e5 8. Bc4 Ngf6 9. dxe5 dxe5 10. Na3 c6 11. Rd1 Qc7 12. 0-0 0-0 13. Nb1 Nb6 14. Bb3 Rad8 15. Ba5 Rd7 16. c4 c5 17. Nc3 Rfd8 18. Nb5 Qb8 19. Bxb6 axb6 20. Rxd7 Rxd7 21. Nc3 Qd8 22. Nd5 Nxd5 23. cxd5 Rd6 24. Bc4 Qd7 25. Qe2 Qc7 26. b3 Bf8 27. f4 Qe7 28. f5 Qg5 29. fxg6 hxg6 30. Qf3 Qe7 31. Qg4 Bg7 32. h4 Qe8 33. a4 Qe7 34. Bb5 Rf6 35. Rxf6 Bxf6 36. h5 g5 37. Bd7 Bg7 38. Bb5 Bh6 39. Qf5 Kg7 40. Bc4 Qd6 41. Qc8 Qe7 42. Qf5 Qd6 43. g4 Qe7 44. d6 Qf6 45. d7 1-0

[Event "Cutro Weekend op"]
[Site "Cutro"]
[Date "2006.03.25"]
[Round "2"]
[White "Alo, Lucio"]
[Black "Levato, Biagio"]
[Result "0-1"]
[WhiteElo "1628"]
[BlackElo "1522"]
[PlyCount "98"]
[EventDate "2006.03.24"]
[EventType "swiss"]
[EventRounds "5"]
[EventCountry "ITA"]
[SourceTitle "EXT 2024"]
[Source "ChessBase"]
[SourceDate "2023.10.10"]
[SourceVersion "1"]
[SourceVersionDate "2023.10.10"]
[SourceQuality "1"]

1. Nf3 c5 2. Nc3 Nf6 3. d4 e6 4. e4 b6 5. Bg5 Be7 6. e5 Nd5 7. Bxe7 Nxc3 8. Bxd8 Nxd1 9. Rxd1 Kxd8 10. dxc5 Ke7 11. cxb6 axb6 12. a3 Nc6 13. Bb5 Bb7 14. 0-0 Rhd8 15. Rd6 f6 16. Rfd1 Rac8 17. exf6+ gxf6 18. c3 Rc7 19. h3 Ba8 20. Nh2 Rg8 21. f3 h5 22. Bxc6 Bxc6 23. Kf2 Rb8 24. R1d4 Bd5 25. R6xd5 exd5 26. Rxd5 Rc5 27. Rd4 Ke6 28. g4 Rd5 29. f4 Rxd4 30. cxd4 hxg4 31. hxg4 Rc8 32. Ke3 Rc2 33. f5+ Kd5 34. Nf3 Rxb2 35. g5 Rb3+ 36. Kf4 fxg5+ 37. Nxg5 Rxa3 38. f6 Ra8 39. Kf5 b5 40. f7 b4 41. Kf6 b3 42. Nf3 Rb8 43. Nd2 Kxd4 44. Ke7 Kd3 45. Nb1 Kc2 46. Na3+ Kc1 47. f8Q Rxf8 48. Kxf8 d5 49. Ke7 d4 0-1

[Event "Cutro weekend op 3rd"]
[Site "Cutro"]
[Date "2005.06.26"]
[Round "5"]
[White "Alo, Lucio"]
[Black "Olivo, Paolo"]
[Result "1-0"]
[WhiteElo "1601"]
[BlackElo "1700"]
[PlyCount "91"]
[EventDate "2005.06.18"]
[EventType "swiss"]
[EventRounds "6"]
[EventCountry "ITA"]
[SourceTitle "EXT 2007"]
[Source "ChessBase"]
[SourceDate "2006.11.23"]
[SourceVersion "1"]
[SourceVersionDate "2006.11.23"]
[SourceQuality "1"]

1. Nf3 Nf6 2. d4 g6 3. c4 Bg7 4. Nc3 d5 5. Bf4 c6 6. e3 Bg4 7. h3 Bf5 8. Be2 Nbd7 9. 0-0 0-0 10. Qd2 Re8 11. cxd5 Nxd5 12. Nxd5 cxd5 13. Qb4 b6 14. Rac1 Rc8 15. Qa3 a5 16. Bb5 Bf8 17. Qa4 f6 18. Qb3 Be4 19. Nd2 Kg7 20. Bxd7 Qxd7 21. Qxb6 e5 22. dxe5 fxe5 23. Nxe4 exf4 24. Qf6+ Kg8 25. Rxc8 Rxc8 26. Ng5 Bg7 27. Qxf4 Bxb2 28. h4 h6 29. Nh3 Kh7 30. Qf3 d4 31. exd4 Bxd4 32. Rd1 Rd8 33. g4 a4 34. Kg2 Qe7 35. g5 Rf8 36. Qd5 Rd8 37. Qc6 Rd6 38. Qf3 hxg5 39. Nxg5+ Kg7 40. Qg4 Bf6 41. Rxd6 Qxd6 42. Qxa4 Qd5+ 43. Nf3 Kh6 44. Qf4+ Kg7 45. a4 Be5 46. Qxe5+ 1-0

[Event "Cutro weekend op 3rd"]
[Site "Cutro"]
[Date "2005.06.25"]
[Round "4"]
[White "Paragliola, Gennaro"]
[Black "Alo, Lucio"]
[Result "0-1"]
[WhiteElo "1541"]
[BlackElo "1601"]
[PlyCount "98"]
[EventDate "2005.06.18"]
[EventType "swiss"]
[EventRounds "6"]
[EventCountry "ITA"]
[SourceTitle "EXT 2007"]
[Source "ChessBase"]
[SourceDate "2006.11.23"]
[SourceVersion "1"]
[SourceVersionDate "2006.11.23"]
[SourceQuality "1"]

1. d4 e6 2. c4 Nf6 3. Bg5 h6 4. Bh4 Be7 5. e3 b6 6. Nc3 Bb7 7. Nf3 d6 8. Bd3 c5 9. 0-0 cxd4 10. exd4 0-0 11. Re1 Nh7 12. Bxe7 Qxe7 13. Ne4 Nc6 14. a3 Nf6 15. h3 Nxe4 16. Bxe4 Qf6 17. b4 Rab8 18. d5 Nd8 19. dxe6 Bxe4 20. exf7+ Nxf7 21. Rxe4 Rbd8 22. Qe1 Ng5 23. Nxg5 hxg5 24. Rd1 Qf7 25. Rd5 Qf6 26. Re7 Kh8 27. Re6 Qf4 28. Qe2 Kg8 29. Re7 Qc1+ 30. Kh2 Qf4+ 31. g3 Qxf2+ 32. Qxf2 Rxf2+ 33. Kg1 Rdf8 34. Rd1 Ra2 35. Rxa7 Rff2 36. Re7 Rg2+ 37. Kf1 Rh2 38. Kg1 Rhg2+ 39. Kf1 Rxg3 40. Rxd6 Rgxa3 41. Kg1 Rb2 42. Kf1 Rxb4 43. Rdd7 Rb1+ 44. Kf2 Ra2+ 45. Kf3 Ra3+ 46. Kg4 Rg1+ 47. Kf5 Rf3+ 48. Kg6 Rf6+ 49. Kh5 Rh6# 0-1

[Event "Cutro op-B 11th"]
[Site "Cutro"]
[Date "2005.04.24"]
[Round "1"]
[White "Forlano, Luigi"]
[Black "Alo, Lucio"]
[Result "1-0"]
[WhiteElo "1912"]
[BlackElo "1601"]
[PlyCount "47"]
[EventDate "2005.04.23"]
[EventType "swiss"]
[EventRounds "5"]
[EventCountry "ITA"]
[SourceTitle "CBM 106 Extra"]
[Source "ChessBase"]
[SourceDate "2005.07.01"]
[SourceVersion "1"]
[SourceVersionDate "2005.07.01"]
[SourceQuality "1"]

1. c4 d5 2. cxd5 Qxd5 3. Nc3 Qd8 4. d4 e6 5. e4 Bd7 6. Nf3 h6 7. Bf4 Bb4 8. Bd3 Ne7 9. Rc1 Ng6 10. Be3 Ba5 11. 0-0 0-0 12. Qc2 f5 13. d5 Qc8 14. Bc5 Rf7 15. exf5 exf5 16. Na4 b5 17. b4 bxa4 18. bxa5 Nf4 19. Bc4 Rf6 20. Ne5 Kh7 21. Be7 Qe8 22. Bxf6 gxf6 23. Nxd7 Qg6 24. Nf8+ 1-0